Súvislosti sociálno-ekonomického vývoja v Rusku Príloha Hospodárskych novín

Súčasné tendencie hospodárskeho vývoja v Rusku. Vývoj hlavných makroekonomických ukazovateľov. Monitor hospodárskeho vývoja Ruska.

Saved in:
Bibliographic Details
Format: Book Chapter
Language:Slovak
Subjects:
Tags: Add Tag
No Tags, Be the first to tag this record!

MARC

LEADER 00000naa a2200000 4500
001 r022604
005 20230801104538.6
041 0 |a slo 
044 |a SK 
245 1 0 |a Súvislosti sociálno-ekonomického vývoja v Rusku  |b Príloha Hospodárskych novín 
520 |a Súčasné tendencie hospodárskeho vývoja v Rusku. Vývoj hlavných makroekonomických ukazovateľov. Monitor hospodárskeho vývoja Ruska. 
610 2 0 |a Rusko 
610 2 0 |a 1995 
610 2 0 |a 1996 
610 2 0 |a situácia hospodárska 
610 2 0 |a údaje štatistické 
610 2 0 |a ukazovatele ekonomické